| Tag |
First Indicator |
Second Indicator |
Subfields |
| LEADER |
00000cam a2200000 a 4500 |
| 001 |
in00000969310 |
| 005 |
20150927072021.0 |
| 007 |
hd afv|||baca |
| 008 |
850621s1681 miu a 00000 eng d |
| 035 |
|
|
|a (OCoLC)12185578
|
| 035 |
|
|
|9 AEV0816AM
|
| 037 |
|
|
|a CL0037000017
|b UMI
|
| 037 |
|
|
|b University Microfilms International, 300 N. Zeeb Rd., Ann Arbor, MI 48106
|
| 040 |
|
|
|a EAA
|c EAA
|d m/c
|d UtOrBLW
|
| 049 |
|
|
|a TXAI
|
| 099 |
|
|
|a film
|a B
|a 3609
|
| 100 |
1 |
|
|a Oldham, John,
|d 1653-1683.
|
| 245 |
1 |
0 |
|a Satyrs upon the Jesuits :
|b written in the year 1679, upon occasion of the plot, together with the Satyr against vertue, and some other pieces by the same hand.
|
| 264 |
|
3 |
|a London :
|b Printed for Joseph Hindmarsh ...,
|c 1681.
|
| 300 |
|
|
|a 8 unnumbered pages, 154 pages, 1 unnumbered page
|
| 336 |
|
|
|a text
|b txt
|2 rdacontent
|
| 337 |
|
|
|a microform
|b h
|2 rdamedia
|
| 338 |
|
|
|a microfilm reel
|b hd
|2 rdacarrier
|
| 500 |
|
|
|a Errata: page [1] at end.
|
| 500 |
|
|
|a First edition.
|
| 500 |
|
|
|a Each part has special title page.
|
| 500 |
|
|
|a Reproduction of original in Huntington Library.
|
| 510 |
4 |
|
|a Wing
|c O244
|
| 510 |
4 |
|
|a Arber's Term cat.
|c I 418
|
| 505 |
2 |
|
|a A satyr against vertue -- The passion of Byblis in Ovid's Metamorphosis imitated in English -- A satyr upon a woman, who by her falshood and scorn was the death of my friend.
|
| 533 |
|
|
|a Microfilm.
|b Ann Arbor, Mich. :
|c University Microfilms,
|d 1976.
|e 1 microfilm reel ; 35 mm.
|f (Early English books, 1641-1700; 614:2)
|
| 500 |
|
|
|a Microform.
|
| 610 |
2 |
0 |
|a Jesuits
|x Anecdotes.
|
| 740 |
2 |
|
|a A satyr against vertue.
|
| 740 |
2 |
|
|a A satyr upon a woman.
|
| 740 |
4 |
|
|a The passion of Byblis in Ovid's metamorphoses imitated in English.
|
| 830 |
|
0 |
|a Early English books, 1641-1700 ;
|v 614:2.
|
| 999 |
|
|
|a MARS
|
| 999 |
f |
f |
|s 05ab2a92-4ca6-329d-8392-c22480cc8e3a
|i 9e6ab1f6-ce8f-39d4-bef4-6f95d3bd6b0d
|t 0
|
| 952 |
f |
f |
|p default
|a Texas A&M University
|b College Station
|c Sterling C. Evans Library
|d Evans: Microforms (3rd floor)
|t 0
|e film B 3609 614:2
|h Other scheme
|i microform -- microfilm reel
|
| 998 |
f |
f |
|a film B 3609 614:2
|t 0
|l Evans: Microforms (3rd floor)
|